000 00442nam a22001937a 4500
003 MPLRDC
005 20220104150813.0
008 210129b ||||| |||| 00| 0 eng d
020 _a957-08-2398-4
082 _a857.6 SWZ-13
100 _a苏伟贞
245 _a离开同方
_c
250 _a第一版
260 _a
_b联经
_c2002
300 _b
490 _a当代名家
650 _a短篇小说
942 _cBK
_o857.6 SWZ-13
999 _c52051
_d52041